<?xml version="1.0" encoding="UTF-8"?>
<record
    xmlns:xsi="http://www.w3.org/2001/XMLSchema-instance"
    xsi:schemaLocation="http://www.loc.gov/MARC21/slim http://www.loc.gov/standards/marcxml/schema/MARC21slim.xsd"
    xmlns="http://www.loc.gov/MARC21/slim">

  <leader>02317 am a2200529 a 4500</leader>
  <controlfield tag="005">20240529110002.0</controlfield>
  <controlfield tag="008">100909s1996||||ag a   |||||||||||||spa d</controlfield>
  <datafield tag="020" ind1=" " ind2=" ">
    <subfield code="a">9500603012</subfield>
  </datafield>
  <datafield tag="041" ind1=" " ind2=" ">
    <subfield code="a">spa</subfield>
  </datafield>
  <datafield tag="092" ind1=" " ind2=" ">
    <subfield code="c">616.1</subfield>
    <subfield code="l">10</subfield>
    <subfield code="s">CAI</subfield>
  </datafield>
  <datafield tag="100" ind1="1" ind2=" ">
    <subfield code="a">Ca&#xED;no, H&#xE9;ctor V.</subfield>
    <subfield code="9">668</subfield>
  </datafield>
  <datafield tag="245" ind1=" " ind2=" ">
    <subfield code="a">Semiolog&#xED;a de las enfermedades cardiovasculares.</subfield>
    <subfield code="b">Orientaci&#xF3;n diagn&#xF3;stica / </subfield>
    <subfield code="c">H&#xE9;ctor V. Ca&#xED;no</subfield>
  </datafield>
  <datafield tag="250" ind1=" " ind2=" ">
    <subfield code="a">1a ed. 11a reimp.</subfield>
  </datafield>
  <datafield tag="260" ind1=" " ind2=" ">
    <subfield code="a">Buenos Aires: </subfield>
    <subfield code="b">Editorial M&#xE9;dica Panamericana;</subfield>
    <subfield code="c">1996.</subfield>
  </datafield>
  <datafield tag="300" ind1=" " ind2=" ">
    <subfield code="a">382 p.</subfield>
    <subfield code="b">il.</subfield>
  </datafield>
  <datafield tag="500" ind1=" " ind2=" ">
    <subfield code="a">Ca&#xED;no, H. V. y S&#xE1;nchez, R. J. (1996). Semiolog&#xED;a de las enfermedades cardiovasculares. Orientaci&#xF3;n diagn&#xF3;stica. (1a ed.). Buenos Aires : Editorial M&#xE9;dica Panamericana.</subfield>
  </datafield>
  <datafield tag="590" ind1=" " ind2=" ">
    <subfield code="a">Ej.3 inv. 2184 donado por Ruocco Mariela, Febrero 2011</subfield>
  </datafield>
  <datafield tag="653" ind1=" " ind2=" ">
    <subfield code="a">Pacientes con dolor de localizaci&#xF3;n tor&#xE1;cica</subfield>
  </datafield>
  <datafield tag="653" ind1=" " ind2=" ">
    <subfield code="a">Pacientes con disnea</subfield>
  </datafield>
  <datafield tag="653" ind1=" " ind2=" ">
    <subfield code="a">Palpitaciones</subfield>
  </datafield>
  <datafield tag="653" ind1=" " ind2=" ">
    <subfield code="a">Tos</subfield>
  </datafield>
  <datafield tag="653" ind1=" " ind2=" ">
    <subfield code="a">P&#xE9;rdida brusca y transitoria del conocimiento (sincope y lipotimia)</subfield>
  </datafield>
  <datafield tag="653" ind1=" " ind2=" ">
    <subfield code="a">Cianosis</subfield>
  </datafield>
  <datafield tag="653" ind1=" " ind2=" ">
    <subfield code="a">Edema</subfield>
  </datafield>
  <datafield tag="653" ind1=" " ind2=" ">
    <subfield code="a">Inspecci&#xF3;n y palpitaci&#xF3;n de la regi&#xF3;n anterior del t&#xF3;rax</subfield>
  </datafield>
  <datafield tag="653" ind1=" " ind2=" ">
    <subfield code="a">Percusi&#xF3;n del &#xE1;rea card&#xED;aca</subfield>
  </datafield>
  <datafield tag="653" ind1=" " ind2=" ">
    <subfield code="a">Auscultaci&#xF3;n en condiciones normales y patol&#xF3;gicas</subfield>
  </datafield>
  <datafield tag="653" ind1=" " ind2=" ">
    <subfield code="a">Auscultaci&#xF3;n en condiciones patol&#xF3;gicas</subfield>
  </datafield>
  <datafield tag="653" ind1=" " ind2=" ">
    <subfield code="a">Pulso arterial en relaci&#xF3;n con el estado anatomo funcional del sistema cardiovascular</subfield>
  </datafield>
  <datafield tag="653" ind1=" " ind2=" ">
    <subfield code="a">Presi&#xF3;n arterial en condiciones normales y patal&#xF3;gicas</subfield>
  </datafield>
  <datafield tag="653" ind1=" " ind2=" ">
    <subfield code="a">Pulso y presi&#xF3;n venosa en condiciones normales y patol&#xF3;gicas acerca del estado anatomo funcional del coraz&#xF3;n</subfield>
  </datafield>
  <datafield tag="653" ind1=" " ind2=" ">
    <subfield code="a">Pacientes con hipertensi&#xF3;n arterial</subfield>
  </datafield>
  <datafield tag="653" ind1=" " ind2=" ">
    <subfield code="a">Pacientes con hipotensi&#xF3;n arterial</subfield>
  </datafield>
  <datafield tag="653" ind1=" " ind2=" ">
    <subfield code="a">Pacientes con valvulopat&#xED;as organicas cr&#xF3;nicas</subfield>
  </datafield>
  <datafield tag="653" ind1=" " ind2=" ">
    <subfield code="a">Pacientes con arritmias card&#xED;acas</subfield>
  </datafield>
  <datafield tag="653" ind1=" " ind2=" ">
    <subfield code="a">Sindrome febril y cardiopatias</subfield>
  </datafield>
  <datafield tag="653" ind1=" " ind2=" ">
    <subfield code="a">Cardiopat&#xED;a cong&#xE9;nita</subfield>
  </datafield>
  <datafield tag="653" ind1=" " ind2=" ">
    <subfield code="a">Pacientes con hipertensi&#xF3;n pulmonar</subfield>
  </datafield>
  <datafield tag="653" ind1=" " ind2=" ">
    <subfield code="a">Pacientes con enfermedades arteriales, venosas y linf&#xE1;ticas de las extremidades</subfield>
  </datafield>
  <datafield tag="653" ind1=" " ind2=" ">
    <subfield code="a">Pacientes con sindromes a&#xF3;rticos</subfield>
  </datafield>
  <datafield tag="653" ind1=" " ind2=" ">
    <subfield code="a">Insuficiencia vasculoencefalica. Sistema vertebrobasilar y sus ramas</subfield>
  </datafield>
  <datafield tag="700" ind1="1" ind2=" ">
    <subfield code="a">S&#xE1;nchez, Ricardo J.</subfield>
    <subfield code="9">669</subfield>
  </datafield>
  <datafield tag="930" ind1=" " ind2=" ">
    <subfield code="a">616</subfield>
  </datafield>
  <datafield tag="930" ind1=" " ind2=" ">
    <subfield code="a">617</subfield>
  </datafield>
  <datafield tag="930" ind1=" " ind2=" ">
    <subfield code="a">2184</subfield>
  </datafield>
  <datafield tag="942" ind1=" " ind2=" ">
    <subfield code="2">ddc</subfield>
    <subfield code="c">BK</subfield>
  </datafield>
  <datafield tag="999" ind1=" " ind2=" ">
    <subfield code="c">716</subfield>
    <subfield code="d">716</subfield>
  </datafield>
  <datafield tag="952" ind1=" " ind2=" ">
    <subfield code="0">0</subfield>
    <subfield code="1">0</subfield>
    <subfield code="2">ddc</subfield>
    <subfield code="4">0</subfield>
    <subfield code="7">0</subfield>
    <subfield code="8">REF</subfield>
    <subfield code="a">BFM</subfield>
    <subfield code="b">BFM</subfield>
    <subfield code="c">REF</subfield>
    <subfield code="d">2011-05-13</subfield>
    <subfield code="l">9</subfield>
    <subfield code="o">616.1 10 CAI</subfield>
    <subfield code="p">616</subfield>
    <subfield code="r">2018-04-03</subfield>
    <subfield code="s">2018-03-28</subfield>
    <subfield code="t">ej.1</subfield>
    <subfield code="w">2011-09-05</subfield>
    <subfield code="y">REF</subfield>
    <subfield code="z">LIBRO DE CONSULTA</subfield>
  </datafield>
  <datafield tag="952" ind1=" " ind2=" ">
    <subfield code="0">0</subfield>
    <subfield code="1">0</subfield>
    <subfield code="2">ddc</subfield>
    <subfield code="4">0</subfield>
    <subfield code="7">0</subfield>
    <subfield code="a">BFM</subfield>
    <subfield code="b">BFM</subfield>
    <subfield code="c">CR</subfield>
    <subfield code="d">2011-05-13</subfield>
    <subfield code="l">89</subfield>
    <subfield code="m">18</subfield>
    <subfield code="o">616.1 10 CAI</subfield>
    <subfield code="p">617</subfield>
    <subfield code="r">2026-04-01</subfield>
    <subfield code="s">2026-03-17</subfield>
    <subfield code="t">ej.2</subfield>
    <subfield code="w">2011-05-13</subfield>
    <subfield code="y">BK</subfield>
  </datafield>
  <datafield tag="952" ind1=" " ind2=" ">
    <subfield code="0">0</subfield>
    <subfield code="1">0</subfield>
    <subfield code="2">ddc</subfield>
    <subfield code="4">0</subfield>
    <subfield code="7">0</subfield>
    <subfield code="a">BFM</subfield>
    <subfield code="b">BFM</subfield>
    <subfield code="c">CR</subfield>
    <subfield code="d">2011-05-13</subfield>
    <subfield code="l">98</subfield>
    <subfield code="m">14</subfield>
    <subfield code="o">616.1 10 CAI</subfield>
    <subfield code="p">2184</subfield>
    <subfield code="r">2026-04-07</subfield>
    <subfield code="s">2026-04-01</subfield>
    <subfield code="t">ej.3</subfield>
    <subfield code="w">2011-05-13</subfield>
    <subfield code="y">BK</subfield>
  </datafield>
  <datafield tag="952" ind1=" " ind2=" ">
    <subfield code="0">0</subfield>
    <subfield code="1">0</subfield>
    <subfield code="2">ddc</subfield>
    <subfield code="4">0</subfield>
    <subfield code="7">1</subfield>
    <subfield code="a">BFM</subfield>
    <subfield code="b">BFM</subfield>
    <subfield code="c">CR</subfield>
    <subfield code="d">2011-09-06</subfield>
    <subfield code="l">6</subfield>
    <subfield code="m">1</subfield>
    <subfield code="o">616.1 10 CAI</subfield>
    <subfield code="p">TR128</subfield>
    <subfield code="r">2018-04-05</subfield>
    <subfield code="s">2018-04-04</subfield>
    <subfield code="t">Copia</subfield>
    <subfield code="w">2011-09-06</subfield>
    <subfield code="y">BK</subfield>
    <subfield code="z">Baja Mayo 2022. Hemeroteca 2022</subfield>
    <subfield code="f"></subfield>
  </datafield>
  <datafield tag="952" ind1=" " ind2=" ">
    <subfield code="0">0</subfield>
    <subfield code="1">0</subfield>
    <subfield code="2">ddc</subfield>
    <subfield code="4">0</subfield>
    <subfield code="7">1</subfield>
    <subfield code="a">BFM</subfield>
    <subfield code="b">BFM</subfield>
    <subfield code="c">CR</subfield>
    <subfield code="d">2011-09-07</subfield>
    <subfield code="l">14</subfield>
    <subfield code="m">1</subfield>
    <subfield code="o">616.1 10 CAI</subfield>
    <subfield code="p">045CEM</subfield>
    <subfield code="r">2016-09-07</subfield>
    <subfield code="s">2016-09-07</subfield>
    <subfield code="t">Copia</subfield>
    <subfield code="w">2011-09-07</subfield>
    <subfield code="y">BK</subfield>
    <subfield code="z">Baja Mayo 2022. Hemeroteca 2022</subfield>
    <subfield code="f"></subfield>
  </datafield>
  <datafield tag="952" ind1=" " ind2=" ">
    <subfield code="0">0</subfield>
    <subfield code="1">0</subfield>
    <subfield code="2">ddc</subfield>
    <subfield code="4">0</subfield>
    <subfield code="7">1</subfield>
    <subfield code="a">BFM</subfield>
    <subfield code="b">BFM</subfield>
    <subfield code="c">CR</subfield>
    <subfield code="d">2017-06-08</subfield>
    <subfield code="e">Donaci&#xF3;n Marzo 2017</subfield>
    <subfield code="l">1</subfield>
    <subfield code="o">616.1 10 CAI</subfield>
    <subfield code="p">TR196</subfield>
    <subfield code="r">2018-04-05</subfield>
    <subfield code="s">2018-04-03</subfield>
    <subfield code="t">Copia</subfield>
    <subfield code="w">2017-06-08</subfield>
    <subfield code="y">BK</subfield>
    <subfield code="z">Baja Mayo 2022 Donaci&#xF3;n Marzo 2017. Hemeroteca 2022</subfield>
    <subfield code="f"></subfield>
  </datafield>
  <datafield tag="952" ind1=" " ind2=" ">
    <subfield code="0">0</subfield>
    <subfield code="1">0</subfield>
    <subfield code="2">ddc</subfield>
    <subfield code="4">0</subfield>
    <subfield code="7">0</subfield>
    <subfield code="a">BFM</subfield>
    <subfield code="b">BFM</subfield>
    <subfield code="c">CR</subfield>
    <subfield code="d">2018-12-14</subfield>
    <subfield code="e">Donaci&#xF3;n N&#xE9;stor Centuri&#xF3;n. Diciembre 2018.</subfield>
    <subfield code="l">22</subfield>
    <subfield code="m">10</subfield>
    <subfield code="o">616.1 10 CAI</subfield>
    <subfield code="p">4366</subfield>
    <subfield code="r">2026-03-30</subfield>
    <subfield code="s">2026-03-18</subfield>
    <subfield code="t">Ej. 4</subfield>
    <subfield code="w">2018-12-14</subfield>
    <subfield code="y">BK</subfield>
    <subfield code="z">Donaci&#xF3;n N&#xE9;stor Centuri&#xF3;n. Diciembre 2018. Sede Tordos.</subfield>
    <subfield code="f"></subfield>
  </datafield>
  <datafield tag="952" ind1=" " ind2=" ">
    <subfield code="0">0</subfield>
    <subfield code="1">0</subfield>
    <subfield code="2">ddc</subfield>
    <subfield code="4">0</subfield>
    <subfield code="7">0</subfield>
    <subfield code="a">BFM</subfield>
    <subfield code="b">BFM</subfield>
    <subfield code="c">CR</subfield>
    <subfield code="d">2025-02-18</subfield>
    <subfield code="e">Donaci&#xF3;n Diciembre 2024</subfield>
    <subfield code="l">5</subfield>
    <subfield code="m">1</subfield>
    <subfield code="o">616.1 10 CAI</subfield>
    <subfield code="p">4984</subfield>
    <subfield code="r">2026-04-07</subfield>
    <subfield code="s">2026-03-26</subfield>
    <subfield code="t">Ej. 5</subfield>
    <subfield code="w">2025-02-18</subfield>
    <subfield code="y">BK</subfield>
    <subfield code="z">Donaci&#xF3;n Diciembre 2024</subfield>
    <subfield code="f"></subfield>
  </datafield>
</record>
